000 00608nam a2200229Ia 4500
003 OSt
005 20221007072421.0
006 a|||||r|||| 00| 0
007 ta
008 221006b |||||||| |||| 00| 0 eng d
024 _a19,565
037 _cTextual
040 _aFLL
_cFLL
_beng
041 _2eng
_aeng
082 _aZ1:28:45, K1
100 _aWhite G.
_9124649
245 0 _aNationalislation of foreign property
260 _aLondon
_bStevens and sons limited England
_c1961
300 _a283p
_ccm.
942 _hZ1:28:45, K1
_cTEXL
_2CC
999 _c1146011
_d1146011